Tibet : (Record no. 129760)

MARC details
000 -LEADER
fixed length control field 00700nam a22002297a 4500
005 - DATE AND TIME OF LATEST TRANSACTION
control field 20170124110102.0
010 ## - LIBRARY OF CONGRESS CONTROL NUMBER
LC control number A-901660
020 ## - INTERNATIONAL STANDARD BOOK NUMBER
Terms of availability 00.00
International Standard Book Number 8172232381
035 ## - SYSTEM CONTROL NUMBER
System control number A-901660
037 ## - SOURCE OF ACQUISITION
Source of stock number/acquisition Cen Lib/Ret
040 ## - CATALOGING SOURCE
Original cataloging agency DPL
Language of cataloging EN
082 ## - DEWEY DECIMAL CLASSIFICATION NUMBER
Classification number 951.6
Item number NOR
100 ## - MAIN ENTRY--PERSONAL NAME
Personal name Norbu, Dawa
9 (RLIN) 27317
245 ## - TITLE STATEMENT
Title Tibet :
Statement of responsibility, etc by Dawa Norbu
Remainder of title the road ahead /
260 ## - PUBLICATION, DISTRIBUTION, ETC. (IMPRINT)
Place of publication, distribution, etc New Delhi
Name of publisher, distributor, etc Harper Collins Publishers
Date of publication, distribution, etc 1997
270 ## - ADDRESS
Address 7/16 Ansari Road, Daryaganj
City New Delhi
Postal code 110002
300 ## - PHYSICAL DESCRIPTION
Extent xix,391p. :
Dimensions 22cm(Hb)
Other physical details ill.
500 ## - GENERAL NOTE
General note Includes index
650 ## - SUBJECT ADDED ENTRY--TOPICAL TERM
Topical term or geographic name as entry element Dawa Norbu, -- 1949-
9 (RLIN) 27318
650 ## - SUBJECT ADDED ENTRY--TOPICAL TERM
Topical term or geographic name as entry element China -- Tibet Autonomous Region
9 (RLIN) 12238
942 ## - ADDED ENTRY ELEMENTS (KOHA)
Source of classification or shelving scheme Dewey Decimal Classification
Koha item type English Books
Classification part 951.6
Call number suffix NOR
Holdings
Withdrawn status Lost status Damaged status Not for loan Home library Current library Date acquired Source of acquisition Cost, normal purchase price Total Checkouts Full call number Barcode Date last seen Copy number Cost, replacement price Price effective from Koha item type Source of classification or shelving scheme
        Central Library Central Library 07/07/2015 Cen Lib/Ret 0.00   951.6 NOR A-901660 07/07/2015 1 0.00 07/07/2015 English Books  
        Sarojini Nagar Sarojini Nagar 25/06/2019       951.6 NOR A-901661 25/06/2019     25/06/2019 English Books Dewey Decimal Classification

© Delhi Public Library
Hit Counter
free hit counter